| 000 | 00531nam a2200193Ia 4500 | ||
|---|---|---|---|
| 005 | 20260429112143.0 | ||
| 008 | 260429s9999||||xx |||||||||||||| ||und|| | ||
| 020 | _a9781118870457 | ||
| 041 | _aEnglish | ||
| 082 |
_a547.01 _bZHA |
||
| 100 | _aZhao, Yuming | ||
| 245 | 0 |
_aOrganic nanochemistry : _bfrom fundamental concepts to experimental practice / _cYuming Zhao |
|
| 250 | _a1st ed. | ||
| 260 |
_aNew Jersey : _bWILEY, _c2024. |
||
| 300 | _axi, 271 p.; hb | ||
| 650 | _a Organic | ||
| 650 | _aNanochemistry | ||
| 942 | _cTB | ||
| 999 |
_c52629 _d52629 |
||